Statistiques concernant Pays sans armée

Cliquez ici pour prendre le quiz!

Statistiques générales

  • Ce quiz a été pris 504 fois
  • Le résultat moyen est 10 sur 16

Statistiques - réponses

HintPays% Correct
EuropeVatican
86%
EuropeAndorre
84%
EuropeLiechtenstein
73%
OceanieNauru
64%
OceanieSamoa
64%
OceanieMicronesie
62%
OceanieTuvalu
62%
OceanieIles Marshall
59%
OceanieKiribati
59%
OceaniePalaos
59%
AmeriquesSaint-Vincent-et-les-Grenadines
57%
OceanieSalomon
57%
AmeriquesSainte-Lucie
55%
AmeriquesDominique
49%
AmeriquesGrenade
49%
AmeriquesCosta Rica
33%

Distribution des résultats

Percentile par nombre de réponses

% des personnes avec chaque résultat

Votre développement - résultats

Vous n’avez pas pris ce quiz